000 00719pam a2200241 a 4500
001 2860264
003 ARRUPE
005 20140215020009.0
008 850801s1986 njua b 001 0 eng
010 _a 85019127
020 _a0134862597
040 _aDLC
_cDLC
_dDLC
050 0 0 _aBC71
_b.D27 1986
082 0 0 _a160
_219
100 1 _aDavis, Wayne A.,
_d1951-
_91010
245 1 3 _aAn introduction to logic /
_cWayne A. Davis.
260 _aEnglewood Cliffs, N.J. :
_bPrentice-Hall,
_cc1986.
300 _axx, 585 p. :
_bill. ;
_c25 cm.
504 _aIncludes bibliographical references and index.
650 0 _aLogic.
_91011
906 _a7
_bcbc
_corignew
_d1
_eocip
_f19
_gy-gencatlg
942 _2lcc
_cMONOGRAPH
_01
999 _c117979
_d117979